000 00927pam a2200289Ia 4500
008
020 _a0723433224(pbk.)
049 _aMAIN
090 _aRC86.8
_bBAC
100 1 _aBache, John B.
245 1 0 _aHandbook of emergency department procedures /
_cJohn Bache Carolyn Armitt and Cathy Gadd.
250 _a2nd ed.
260 _aEdinburgh :
_bMosby,
_c2003.
300 _a164 p. :
_bill.(some col.) ;
_c19 cm.
500 _aIncludes index.
650 0 _aEmergency medicine
_vHandbooks, manuals, etc.
650 0 _aMedical emergencies
_vHandbooks, manuals, etc.
650 1 2 _aEmergency Medical Services
_xmethods
_vHandbooks.
650 2 2 _aEmergency Treatment
_vHandbooks.
700 1 _aArmitt, Carolyn R.
700 1 _aGadd, Cathy.
907 _a.b10275563
_b15-03-10
_c15-03-10
003
005 20230120204028.0
040 _cNUST
942 _cBOOKS
_kRC86.8
_mBAC
999 _c115835
_d115835